000 00498nam a2200181Ia 4500
005 20250326142654.0
008 250326s9999 xx 000 0 und d
037 _aTextbook
040 _aFMSL
_beng
_cFMSL
041 _aeng
_2eng
084 _aYoaX61 L9
_qFMSL
100 _aHill M
_9695482
245 0 _aSocial work and money
_cHill M; Laing P
260 _aLondon
_bLondon, George Allen & Unwin
_c1979
300 _a120p
942 _cTB
_hYoaX61 L9
999 _c1296119
_d1296119